000 00497nam a22001697a 4500
003 OSt
005 20140311163157.0
008 140226t xxu||||| |||| 00| 0 eng d
020 _a9789812749093
050 _aQA 43.65
_b.C529ol 2011
100 _aChew, Terry
_930688
245 _aOlympiad Maths Trainer 6 :
_b12-13 yrs old /
_cTerry Chew.
260 _aSingapore :
_bSingapore Asia Publishers Ltd,
_c2011.
300 _aS41 p. :
_bill. ;
_c26 cm.
942 _2lcc
_cBK-TR
999 _c42410
_d42410